Presidents Who Attended Ivy League Universities - Statistics

General Stats
  • This quiz has been taken 137 times
  • The average score is 13 of 16
Answer Stats
Year School President % Correct
1975,1968 Harvard,Yale George W. Bush
96%
1991,1983 Harvard,Columbia Barack Obama
95%
1948 Yale George H. W. Bush
95%
1903,(withdrew 1907) Harvard,Columbia Franklin D. Roosevelt
92%
(withdrew 1935) 1940 Princeton, Harvard John F. Kennedy
92%
1973 Yale Bill Clinton
91%
1968 Pennsylvania Donald Trump
91%
1880,(withdrew 1882) Harvard,Columbia Theodore Roosevelt
89%
1755 Harvard John Adams
87%
1787 Harvard John Quincy Adams
87%
1879 Princeton Woodrow Wilson
82%
1941 Yale Gerald Ford
81%
1771 Princeton James Madison
74%
1878 Yale William Taft
71%
(withdrew 1793) Pennsylvania William Henry Harrison
59%
1845 Harvard Rutherford B. Hayes
55%
No matching quizzes found
Score Distribution
Percent of People with Each Score
Percentile by Number Answered
Your Score History
You have not taken this quiz